000 00316nam a2200157Ia 4500
100 _aPaulo Coelho
650 _aFiction
942 _cBK
366 _f17.5
245 _aWitch of Portobello
260 _bHarper collins
_c2007
082 _a808.83/PAU
_bPAU
300 _a323
546 _aENGLISH
999 _c35644
_d35644